Colección legislativa de cárceles (Record no. 180565)

MARC details
000 -LEADER
campo de control de longitud fija 01058nam a2200205 i 4500
001 - NÚMERO DE CONTROL
campo de control 180565
003 - IDENTIFICADOR DE NÚMERO DE CONTROL
campo de control ES-MaACL
005 - FECHA Y HORA DE LA ÚLTIMA TRANSACCIÓN
campo de control 20240220155108.0
008 - DATOS DE LONGITUD FIJA--INFORMACIÓN GENERAL
campo de control de longitud fija 120614s1860 sp l |||| | spa d
245 00 - MENCIÓN DEL TÍTULO
Título Colección legislativa de cárceles
Resto del título : comprensiva de todas las leyes que se hallan en la novísima recopilación, referentes al ramo, y de todas las disposiciones legales y reglamentarias, expedidas posteriormente hasta 31 de diciembre de 1860 /
Mención de responsabilidad, etc. formada de orden de la Dirección General de Establecimientos Penales.
260 ## - PUBLICACIÓN, DISTRIBUCIÓN, ETC.
Lugar de publicación, distribución, etc. Madrid :
Nombre del editor, distribuidor, etc. [s.n.],
Fecha de publicación, distribución, etc. 1860 (
Fabricante Imp. Nacional)
300 ## - DESCRIPCIÓN FÍSICA
Extensión v, 349 p., [1] h. pleg. ;
Dimensiones 23 cm.
650 ## - PUNTO DE ACCESO ADICIONAL DE MATERIA--TÉRMINO DE MATERIA
Término de materia o nombre geográfico como elemento de entrada Derecho penitenciario-
Subdivisión geográfica España.
9 (RLIN) 176229
650 ## - PUNTO DE ACCESO ADICIONAL DE MATERIA--TÉRMINO DE MATERIA
Término de materia o nombre geográfico como elemento de entrada Derecho penitenciario-
Subdivisión geográfica España.
9 (RLIN) 176229
710 1# - ENTRADA AGREGADA--NOMBRE DE ENTIDAD CORPORATIVA
Nombre de entidad corporativa o nombre de jurisdicción como elemento de entrada España.
Título de la obra Leyes, etc. penitenciarias.
9 (RLIN) 3836
710 1# - ENTRADA AGREGADA--NOMBRE DE ENTIDAD CORPORATIVA
Nombre de entidad corporativa o nombre de jurisdicción como elemento de entrada España.
Unidad subordinada Dirección General de Establecimientos Penales.
9 (RLIN) 165776
852 ## - LOCALIZACIÓN
Ubicación ES-MaACL
Número de control de estantería D-193
Nota libre .- Donativo Lastres
-- .- Dedicatoria manuscrita a Agustín Argüelles de Antonio de Lao
942 ## - ELEMENTOS DE ENTRADA SECUNDARIOS (KOHA)
Fuente del sistema de clasificación o colocación Clasificación decimal universal
Holdings
Estatus retirado Estado de pérdida Estado de daño No para préstamo Colección Biblioteca de origen Biblioteca actual Ubicación en estantería Fecha de adquisición Fuente de adquisición Total de préstamos Signatura topográfica completa Código de barras Visto por última vez Precio de reemplazo Tipo de ítem Koha
        Libros del s. XIX Biblioteca del Ateneo de Madrid Biblioteca del Ateneo de Madrid Sala Valle Inclán 14/06/2012     D-193 901189734 23/02/2023 23/02/2023 Libro impreso antiguo